[Event "ROM-ch U16 Girls"]
[Site "Calimanesti"]
[Date "2014.04.11"]
[Round "7"]
[White "Toba, Andreea Valentina"]
[Black "Corolea, Diana Gabriela"]
[Result "1-0"]
[WhiteElo "1489"]
[BlackElo "1598"]
[PlyCount "77"]
[EventDate "2014.04.06"]
[EventType "swiss"]
[EventRounds "9"]
[EventCountry "ROU"]
[SourceTitle "CBM 160 Extra"]
[Source "ChessBase"]
[SourceDate "2014.07.01"]
[SourceVersion "1"]
[SourceVersionDate "2014.07.01"]
[SourceQuality "1"]

1. e4 e5 2. Nf3 Nc6 3. Bc4 d6 4. Nc3 Bg4 5. h3 Bh5 6. g4 Bg6 7. d3 Nf6 8. Be3 Be7 9. Qd2 Na5 10. Bb3 a6 11. Nd5 Nxb3 12. Nxf6+ Bxf6 13. axb3 d5 14. g5 d4 15. gxf6 dxe3 16. Qxe3 Qxf6 17. Ra5 0-0 18. Nxe5 Rfe8 19. Nxg6 Qxg6 20. Ra2 Qc6 21. Kd2 f5 22. f3 Rad8 23. Qg5 fxe4 24. fxe4 Qxe4 25. Rg1 Qe2+ 26. Kc3 Re6 27. Ra5 b5 28. Qc5 Qf3 29. Kb4 Rc6 30. Rf1 Qxf1 31. Qxc6 Qe1+ 32. c3 Qe7+ 33. Qc5 Qxc5+ 34. Kxc5 Rd6 35. c4 bxc4 36. Kxc4 Rb6 37. Rc5 c6 38. b4 Kf7 39. Ra5 1-0

[Event "ROM-ch U16 Girls"]
[Site "Calimanesti"]
[Date "2014.04.07"]
[Round "2"]
[White "Stanciu, Ioana Georgiana"]
[Black "Corolea, Diana Gabriela"]
[Result "1-0"]
[WhiteElo "1789"]
[BlackElo "1598"]
[PlyCount "93"]
[EventDate "2014.04.06"]
[EventType "swiss"]
[EventRounds "9"]
[EventCountry "ROU"]
[SourceTitle "CBM 160 Extra"]
[Source "ChessBase"]
[SourceDate "2014.07.01"]
[SourceVersion "1"]
[SourceVersionDate "2014.07.01"]
[SourceQuality "1"]

1. e4 e5 2. Nf3 Nc6 3. Bb5 a6 4. Ba4 Nf6 5. d3 b5 6. Bb3 Be7 7. Nbd2 d6 8. c3 0-0 9. Nf1 Na5 10. Bc2 Bg4 11. Ng3 Qd7 12. 0-0 c5 13. h3 Be6 14. Nh2 Nb7 15. f4 exf4 16. Bxf4 d5 17. e5 Ne8 18. d4 f6 19. Qh5 f5 20. Nf3 g6 21. Qh6 Nd8 22. Ng5 Bxg5 23. Qxg5 Nf7 24. Qh4 Kg7 25. Ne2 c4 26. Qg3 Qe7 27. h4 Rg8 28. Be3 Kh8 29. Nf4 Nc7 30. Qh3 Bd7 31. h5 gxh5 32. Qxh5 Rg5 33. Qh2 Rag8 34. Kf2 Rg4 35. Rh1 Ng5 36. Rag1 Qf7 37. Ke1 Ne4 38. Bxe4 fxe4 39. Nh5 Ne8 40. Rf1 Qg6 41. Nf6 Nxf6 42. Rxf6 Qg7 43. Bh6 Qe7 44. Bf8 Rxg2 45. Bxe7 Rxh2 46. Rxh2 Re8 47. Rf7 1-0

[Event "ROM-ch U10 Girls"]
[Site "Voineasa"]
[Date "2008.04.13"]
[Round "2"]
[White "Corolea, Diana Gabriela"]
[Black "Herciu, Ana Maria"]
[Result "0-1"]
[WhiteElo "461"]
[BlackElo "605"]
[PlyCount "110"]
[EventDate "2008.04.08"]
[EventType "swiss"]
[EventRounds "9"]
[EventCountry "ROU"]
[SourceTitle "EXT 2013"]
[Source "ChessBase"]
[SourceDate "2012.11.22"]
[SourceVersion "1"]
[SourceVersionDate "2012.11.22"]
[SourceQuality "1"]

1. e4 e5 2. Nf3 Nc6 3. d4 d6 4. d5 Nce7 5. Nc3 Nf6 6. Bd3 Ng6 7. Ne2 Be7 8. Ng3 0-0 9. 0-0 Bg4 10. h3 Bd7 11. Ne1 h6 12. Qf3 Nh7 13. c3 Ng5 14. Bxg5 Bxg5 15. Nc2 Nf4 16. Be2 Nxe2+ 17. Qxe2 f5 18. f3 f4 19. Nh1 Qe8 20. Qf2 Qg6 21. g3 Bxh3 22. Rfe1 Bh4 23. Qh2 Bxg3 24. Nxg3 Qxg3+ 25. Qxg3 fxg3 26. Ne3 Rxf3 27. b4 Raf8 28. a4 h5 29. c4 h4 30. b5 Bd7 31. Kg2 h3+ 32. Kg1 Rf2 33. a5 Bc8 34. Rf1 h2+ 35. Kh1 g2+ 36. Nxg2 Rxf1+ 37. Rxf1 Rxf1+ 38. Kxh2 Rc1 39. Ne3 Re1 40. Nc2 Re2+ 41. Kg3 Rxc2 42. Kf3 Rxc4 43. Ke3 Rc1 44. Kd3 Rh1 45. Kc4 b6 46. a6 Rh4 47. Kd3 g5 48. Ke3 g4 49. Kf2 Rh6 50. Kg3 Rh3+ 51. Kg2 Re3 52. Kf2 Rxe4 53. Kg3 Rd4 54. Kf2 Rxd5 55. Ke3 Rxb5 0-1